000 00571nam a2200205Ia 4500
005 20250923144647.0
008 008 250917s9999 xx 000 0 eng d
037 _aTextual
040 _aDSWL
_beng
_cDSWL
041 _aeng
_2eng
084 _aT:Y1, J9
_qDSWL
100 _aCollier, K.G.
_9827102
245 0 _aSocial purposes of education
_cby K.G. Collier
260 _aLondon
_bRoutledge & Kegan Paul Ltd.
_c1959
300 _axv,235,15p.
365 _aINR
_b21
925 _g21
942 _cTEXL
_hT:Y1, J9
999 _c1441738
_d1441738